000 00200nam a2200109Ia 4500
100 _a#N/A
942 _cBK
654 _aemail
245 _aE mail Recovery Tools
260 _b#N/A
546 _aENGLISH
999 _c20097
_d20097